Countries of Eastern Africa - Statistics

General Stats
  • This quiz has been taken 16 times
  • The average score is 5 of 6
Answer Stats
Answer % Correct
Kenya
100%
Tanzania
93%
Burundi
87%
Ethiopia
87%
Rwanda
87%
Uganda
87%
No matching quizzes found
Score Distribution
Percent of People with Each Score
Percentile by Number Answered
Your Score History
You have not taken this quiz